Motivace a použití výtvarných materiálů v jeslích

Bibliographic Details
Main Author: Vítková, Marie, 1947- (Author)
Format: Article
Language:Czech
Subjects:

MARC

LEADER 00000nab a2200000 a 4500
001 vtls000135294
003 SK-MaSNL
005 20260303193840.0
008 160201c19821983xo 0 cze
015 |a SNBRB19rr/mm-uuuuu 
035 |a CL0145400 
040 |a SNKBUCL  |b slo  |c SNKBUCL  |e AACR2 
041 0 |a cze 
044 |a xo  |c SK 
080 |a 373.22  |2 1981 
080 |a 372.3  |2 1981 
100 1 |a Vítková, Marie,  |d 1947-  |4 aut  |9 97554 
245 1 0 |a Motivace a použití výtvarných materiálů v jeslích  |c Marie Vítková 
650 0 7 |a detské jasle  |2 snkbucl  |9 50070 
650 0 7 |a výtvarná výchova  |2 snkbucl  |9 2777 
655 7 |a články z novín a časopisov  |2 snkbucl  |9 267496 
773 0 |t Predškolská výchova  |g Roč. 37, č. 3 (1982/1983), s. 8-10 
850 |a Slovenská národná knižnica v Martine  |a MTA001 
852 |a SNK  |b KIS3GCP 
958 |a RK 
958 |a CZ 
992 |a RBX 
999 |c 2154366  |d 2156296